| 000 | 01483nam a22001817a 4500 | ||
|---|---|---|---|
| 003 | IT-RoPau | ||
| 005 | 20220918181102.0 | ||
| 008 | 130325b xxu||||| |||| 00| 0 eng d | ||
| 040 | _cIT-RoPau | ||
| 100 |
_aVII Capitolo Generale _9501 |
||
| 245 |
_a"Vuestra parroquia es el mundo", Actas y Documentos _bActas del VII Capítulo General de la Sociedad de San Pablo |
||
| 250 | _a1° ed | ||
| 260 |
_aRoma _bSSP Casa General _c1998 |
||
| 300 |
_a63 pp. _c21 cm |
||
| 490 |
_aSociedad de San Pablo _v2° Fascículo |
||
| 520 | _aIndice Presentación, del P. Pietro Campus, Superior General Introducción Participantes y colaboradores Calendario VII Capítulo Gen. SSP 15 abril-15 mayo 1998 Saludo inicial del Delegado Pontificio y del Superior General a. Saludo S. Exc Mons. Antonio Buoncristiani b. Saludo dl P. Silvio Pignotti, Superior General Esquema del proceso seguido Syntesis a propósito del Projecto de Dios a nuestro respecto Syntesis acerca de la Realidad congregacional hoy Esquema de las cuatro áreas de trabajo Documentos normativos: Prioridades, líneas operativas y recomendaciones Otras deliberaciones del VII Capítulo General Mensaje del nuevo Superior General Mensaje de los Capítulares a los Hermanos/Hermanas de la Familia Paulina Saludo conclusivo del Delegado mons. Antonio Buoncristiani Audiencia especial con el Santo Padre: a. Saludo del nuevo Superior General b. Mensaje del Santo Padre Juan Pablo II a los Capitulares Paulinos | ||
| 942 |
_2ddc _cBK |
||
| 999 |
_c98283 _d98283 |
||